Name a Country Where These Mammals Are Found #4 - Statistics

General Stats
  • This quiz has been taken 17 times
  • The average score is 82 of 154
Answer Stats
Picture Hint Answer % Correct
Red Kangaroo Australia
100%
Platypus Australia
90%
Black Wallaroo Australia
90%
Koala Australia
90%
Sugar Glider Australia | Papua New Guinea | Indonesia
90%
Linnaeus's Two-Toed Sloth Brazil | Peru | Ecuador | Colombia | Venezuela | Suriname | Guyana | France (French Guiana)
90%
Snowshoe Hare Canada | United States of America
90%
Chinese Pangolin China | Bhutan | Nepal | India | Myanmar | Thailand | Laos | Vietnam | Taiwan
90%
Plateau Pika China | India | Nepal
90%
Asian Lesser White-Toothed Shrew China | Taiwan | North Korea | Russia | South Korea
90%
Indian Rhinoceros India | Nepal
90%
Asian House Shrew India | Pakistan | Afghanistan | Nepal | Bhutan | Bangladesh | Myanmar | Thailand | Cambodia | Laos | Vietnam | Taiwan | China | Sri Lanka | Malaysia | Singapore | Indonesia | Brunei | East Timor | Philippines | Madagascar | Mauritius | Tanzania | Kenya | Rwanda | Ethiopia | Eritrea | Djibouti | Yemen | Oman | Saudi Arabia | Iraq | Kuwait | Iran | Egypt | Sudan | Bahrain | France (Reunion)
90%
Cape Hare Iran | Iraq | Pakistan | Afghanistan | India | Kuwait | Saudi Arabia | Qatar | Bahrain | Oman | Yemen | United Arab Emirates | Cyprus | Lebanon | Israel | Jordan | Egypt | Libya | Tunisia | Algeria | Morocco | Mauritania | Mali | Niger | Sudan | Chad | Eritrea | South Sudan | Ethiopia | Kenya | Tanzania | Uganda | Senegal | Burkina Faso | South Africa | Lesotho | Eswatini | Mozambique | Botswana | Zimbabwe | Namibia | Italy
90%
Burmese Hare Myanmar | Thailand | Cambodia | Laos | Vietnam | China
90%
Russian Desman Russia | Ukraine | Kazakhstan
90%
European Hare Russia | Ukraine | Poland | Germany | France | Czech Republic | Slovakia | Austria | Hungary | Romania | Bulgaria | Belarus | Denmark | Netherlands | Luxembourg | Belgium | Italy | Vatican City | San Marino | Greece | Turkey | Bosnia & Herzegovina | Croatia | Kosovo | Montenegro | Serbia | North Macedonia | Moldova | Slovenia | Switzerland | Andorra | Monaco | Liechtenstein | Albania | Spain | Finland | Georgia | Armenia | Azerbaijan | Iraq | Iran | Lebanon | Israel | Syria | Kazakhstan | Mongolia | China | Sweden | United Kingdom | Ireland | Australia | New Zealand | United States of America | Canada | Argentina | Chile | Uruguay | Brazil
90%
European Mole Russia | United Kingdom | Sweden | Finland | Estonia | Latvia | Lithuania | Germany | Poland | Belarus | Ukraine | Romania | France | Bulgaria | Moldova | Greece | Turkey | Serbia | Hungary | Austria | Netherlands | Belgium | Denmark | Switzerland | Slovenia | North Macedonia | Albania | Italy | Montenegro | Kosovo | Slovakia | Bosnia & Herzegovina | Croatia | Luxembourg | San Marino | Monaco | Liechtenstein
90%
Southern African Hedgehog South Africa | Namibia | Angola | Lesotho | Zimbabwe | Botswana
90%
White Rhinoceros South Africa | Namibia | Botswana | Mozambique | Zimbabwe | Zambia | Kenya
90%
European Rabbit Sweden | Finland | Portugal | France | Spain | Ireland | United Kingdom | Italy | Monaco | San Marino | Vatican City | Andorra | Cyprus | Germany | Denmark | Netherlands | Luxembourg | Belgium | Liechtenstein | Austria | Switzerland | Slovenia | Croatia | Poland | Czech Republic | Hungary | Slovakia | Ukraine | Moldova | Albania | Morocco | Algeria
90%
Common Wombat Australia
80%
Red-Necked Wallaby Australia
80%
Arctic Hare Canada | Denmark (Greenland)
80%
Grévy's Zebra Kenya | Ethiopia
80%
Hoffmann's Two-Toed Sloth Peru | Bolivia | Brazil | Ecuador | Colombia | Venezuela | Panama | Costa Rica | Nicaragua | Honduras
80%
European Hedgehog Russia | United Kingdom | Ireland | Norway | Sweden | Finland | Denmark | Netherlands | Belgium | France | Portugal | Spain | Italy | Monaco | Andorra | Vatican City | San Marino | Estonia | Latvia | Germany | Poland | Czech Republic | Slovenia | Switzerland | Austria | Luxembourg | Liechtenstein | Slovakia
80%
Honey Possum Australia
70%
Musky Rat-Kangaroo Australia
70%
Short-Eared Possum Australia
70%
Northern Hairy-Nosed Wombat Australia
70%
Quokka Australia
70%
Short-Beaked Echidna Australia | Papua New Guinea | Indonesia
70%
Giant Anteater Brazil | Argentina | Bolivia | Paraguay | Peru | Ecuador | Colombia | Venezuela | Suriname | Guyana | Panama | Costa Rica | Honduras | Nicaragua | El Salvador
70%
South American Tapir Brazil | Argentina | Peru | Bolivia | Paraguay | Ecuador | Colombia | Venezuela | Guyana | Suriname | France (French Guiana)
70%
Southern Tamandua Brazil | Ecuador | Peru | Paraguay | Uruguay | Bolivia | Argentina | Colombia | Venezuela | Guyana | Suriname | Trinidad & Tobago | France (French Guiana)
70%
Ladak Pika China | India
70%
Mountain Tapir Colombia | Ecuador | Peru
70%
Tree Pangolin Democratic Republic of the Congo | Angola | Central African Republic | Republic of the Congo | Rwanda | Burundi | Kenya | Uganda | South Sudan | Chad | Cameroon | Equatorial Guinea | Gabon | Nigeria | Togo | Benin | Ghana | Ivory Coast | Guinea | Liberia | Sierra Leone | Guinea-Bissau | Mali | Tanzania
70%
De Brazza's Monkey Democratic Republic of the Congo | Cameroon | Republic of the Congo | Central African Republic | Kenya | Ethiopia | Uganda | Angola | Gabon | Equatorial Guinea
70%
Blue Monkey Democratic Republic of the Congo | Republic of the Congo | Central African Republic | Ethiopia | Sudan | South Sudan | Kenya | Uganda | Eritrea | Somalia | Tanzania | Malawi | Mozambique | Angola | Zambia | Zimbabwe | South Africa | Rwanda | Burundi
70%
Giant Pangolin Democratic Republic of the Congo | Republic of the Congo | Uganda | Kenya | Rwanda | Tanzania | Burundi | Gabon | Equatorial Guinea | Burkina Faso | Cameroon | Benin | Ghana | Ivory Coast | Guinea | Liberia | Sierra Leone | Guinea-Bissau | Senegal | Niger | Tanzania
70%
Rock Hyrax Ethiopia | Egypt | Eritrea | Djibouti | Somalia | Sudan | South Sudan | Kenya | Uganda | Tanzania | Burundi | Rwanda | Central African Republic | Democratic Republic of the Congo | Republic of the Congo | Chad | Cameroon | Libya | Algeria | Mauritania | Mali | Benin | Togo | Niger | Nigeria | Burkina Faso | Ghana | Ivory Coast | Sierra Leone | Guinea | Guinea-Bissau | Gambia | Senegal | Liberia | South Africa | Namibia | Angola | Zambia | Malawi | Zimbabwe | Botswana | Mozambique | Lesotho | Eswatini
70%
Indian Long-Eared Hedgehog India | Pakistan
70%
Javan Rhinoceros Indonesia
70%
Sulawesi Bear Cuscus Indonesia
70%
Baird's Tapir Mexico | Belize | Guatemala | Honduras | Nicaragua | Costa Rica | Panama | Colombia
70%
Black Rhinoceros Namibia | Angola | Zimbabwe | Mozambique | South Africa | Tanzania | Kenya | Zambia | Malawi | Eswatini | Botswana | Rwanda
70%
Northern Pika Russia | China | Mongolia | Japan | North Korea
70%
Alpine Pika Russia | Mongolia | China | Kazakhstan
70%
Plains Zebra South Africa | Eswatini | Mozambique | Zambia | Botswana | Zimbabwe | Angola | Namibia | Ethiopia | Uganda | Kenya | South Sudan | Democratic Republic of the Congo | Rwanda | Malawi
70%
Mountain Zebra South Africa | Namibia
70%
Pyrenean Desman Spain | Portugal | France | Andorra
70%
Taiwanese Mole Shrew Taiwan
70%
Malayan Tapir Thailand | Malaysia | Myanmar | Indonesia
70%
Green Ringtail Possum Australia
60%
Southern Greater Glider Australia
60%
Swamp Wallaby Australia
60%
Tasmanian Pademelon Australia
60%
Silky Anteater Brazil | Peru | Bolivia | Ecuador | Colombia | Venezuela | Suriname | Guyana | Mexico | Costa Rica | Panama | Nicaragua | Honduras | El Salvador | Belize | Guatemala | Trinidad & Tobago | France (French Guiana)
60%
Large-Eared Pika China | India | Tajikistan | Kyrgyzstan | Afghanistan | Bhutan | Nepal
60%
Tolai Hare China | Mongolia | Russia | Kazakhstan | Uzbekistan | Turkmenistan | Tajikistan | Kyrgyzstan | Iran | Afghanistan
60%
Kiang China | Nepal | India | Pakistan
60%
Lesula Democratic Republic of the Congo
60%
Red-Tailed Monkey Democratic Republic of the Congo | Central African Republic | Uganda | South Sudan | Republic of the Congo | Angola | Zambia | Tanzania | Burundi | Rwanda | Kenya
60%
African Wild Ass Ethiopia | Eritrea | Somalia | Sudan | Egypt
60%
Talaud Bear Cuscus Indonesia
60%
Sunda Pangolin Indonesia | Malaysia | Brunei | Singapore | Vietnam | Laos | Cambodia | Thailand | Myanmar | China
60%
Sumatran Rhinoceros Malaysia | Thailand
60%
Northern Tamandua Mexico | Guatemala | Belize | El Salvador | Honduras | Nicaragua | Costa Rica | Panama | Colombia | Peru | Ecuador | Venezuela
60%
Pallas's Pika Mongolia | China | Kazakhstan | Russia
60%
Onager Mongolia | India | Iran | Turkmenistan | Kazakhstan | Saudi Arabia | Israel | Jordan
60%
North African Elephant Shrew Morocco | Algeria | Tunisia | Libya
60%
North African Hedgehog Morocco | Libya | Tunisia | Algeria
60%
Striped Possum Papua New Guinea | Indonesia | Australia
60%
Andean Tapeti Peru | Ecuador | Colombia | Venezuela
60%
Scaly-Tailed Possum Australia
50%
Northern Marsupial Mole Australia
50%
Common Ringtail Possum Australia
50%
Greater Bilby Australia
50%
Rufous Rat-Kangaroo Australia
50%
Eastern Barred Bandicoot Australia
50%
Eastern Grey Kangaroo Australia
50%
Red-Legged Pademelon Australia | Papua New Guinea | Indonesia
50%
Ground Pangolin Botswana | South Africa | Eswatini | Mozambique | Zimbabwe | Namibia | Angola | Zambia | Malawi | Tanzania | Uganda | Kenya | Ethiopia | South Sudan | Central African Republic | Sudan | Chad
50%
Maned Sloth Brazil
50%
Star-Nosed Mole Canada | United States of America
50%
Monito del Monte Chile | Argentina
50%
Ili Pika China
50%
Allen's Swamp Monkey Democratic Republic of the Congo | Republic of the Congo
50%
Golden-Bellied Mangabey Democratic Republic of the Congo | Republic of the Congo
50%
Grizzled Tree-Kangaroo Indonesia | Papua New Guinea
50%
Collared Mangabey Nigeria | Cameroon | Equatorial Guinea | Gabon | Republic of the Congo | Benin
50%
Matschie's Tree-Kangaroo Papua New Guinea
50%
Goodfellow's Tree-Kangaroo Papua New Guinea
50%
Mountain Hare Russia | Kazakhstan | Mongolia | Japan | China | Ukraine | Belarus | Estonia | Latvia | Lithuania | Norway | Finland | Sweden | United Kingdom | Ireland | Italy | Austria | Slovenia | Switzerland | France | Monaco | Croatia | Iceland | Denmark (Faroe Islands)
50%
Four-Toed Hedgehog Tanzania | Malawi | Zambia | Mozambique | Central African Republic | Uganda | Kenya | Somalia | Ethiopia | Djibouti | Eritrea | Sudan | South Sudan | Chad | Mali | Niger | Nigeria | Benin | Togo | Cameroon | Democratic Republic of the Congo | Burkina Faso | Ghana | Ivory Coast | Gambia | Senegal | Sierra Leone | Guinea | Burundi | Rwanda
50%
Eastern Mole United States of America | Canada | Mexico
50%
Golden Bandicoot Australia
40%
Northern Brown Bandicoot Australia | Papua New Guinea | Indonesia
40%
Brown-Throated Sloth Brazil | Bolivia | Peru | Ecuador | Colombia | Venezuela | Costa Rica | Panama | Nicaragua | Honduras
40%
Pale-Throated Sloth Brazil | Venezuela | Suriname | Guyana | France (French Guiana)
40%
Long-Eared Hedgehog China | Mongolia | Kazakhstan | Pakistan | Iran | Afghanistan | Russia | Uzbekistan | Tajikistan | Turkmenistan | Kyrgyzstan | Ukraine | Turkey | Armenia | Azerbaijan | Syria | Jordan | Lebanon | Israel | Cyprus | Saudi Arabia | Egypt | Libya
40%
Agile Mangabey Democratic Republic of the Congo | Cameroon | Gabon | Republic of the Congo | Central African Republic | South Sudan | Uganda
40%
Crested Mona Monkey Democratic Republic of the Congo | Central African Republic | Republic of the Congo | Equatorial Guinea | Gabon | Uganda | Cameroon | Nigeria
40%
Long-Tailed Pangolin Democratic Republic of the Congo | Republic of the Congo | Central African Republic | Cameroon | Gabon | Equatorial Guinea | Nigeria | Ghana | Ivory Coast | Guinea | Sierra Leone | Liberia
40%
Hero Shrew Democratic Republic of the Congo | Uganda | Rwanda | Burundi
40%
Moustached Guenon Gabon | Equatorial Guinea | Cameroon | Central African Republic | Democratic Republic of the Congo | Republic of the Congo
40%
Moonrat Indonesia | Malaysia | Brunei | Thailand | Myanmar
40%
Long-Nosed Echymipera Indonesia | Papua New Guinea | Australia
40%
Mona Monkey Nigeria | Cameroon | São Tomé & Príncipe | Benin | Togo | Ghana
40%
Tenkile Papua New Guinea
40%
White-Striped Dorcopsis Papua New Guinea | Indonesia
40%
Common Spotted Cuscus Papua New Guinea | Indonesia | Australia
40%
Desert Hedgehog Saudi Arabia | Yemen | Oman | United Arab Emirates | Kuwait | Qatar | Iraq | Jordan | Israel | Syria | Egypt | Libya | Sudan | Morocco | Tunisia | Algeria
40%
Black and Rufous Sengi Tanzania | Kenya
40%
Southern Tree Hyrax Tanzania | Kenya | Uganda | Mozambique | Democratic Republic of the Congo | Angola | Zambia | South Africa | Rwanda | Burundi
40%
Lesser Spot-Nosed Monkey Togo | Ghana | Ivory Coast | Sierra Leone | Liberia | Guinea | Guinea-Bissau | Senegal
40%
Pygmy Rabbit United States of America
40%
Boodie Australia
30%
Long-Nosed Potoroo Australia
30%
Eastern Forest Hedgehog China
30%
Glover's Pika China
30%
Voracious Shrew China | Thailand | Laos | Vietnam | India
30%
Hamlyn's Monkey Democratic Republic of the Congo | Rwanda | Uganda
30%
Wolf's Mona Monkey Democratic Republic of the Congo | Uganda
30%
L'Hoest's Monkey Democratic Republic of the Congo | Uganda | Rwanda | Burundi
30%
Diana Monkey Ghana | Ivory Coast | Liberia | Sierra Leone | Guinea
30%
Blue-Eyed Spotted Cuscus Indonesia
30%
Amani Rabbit Japan
30%
Volcano Rabbit Mexico
30%
Lesser Red Musk Shrew Mozambique | South Africa | Eswatini | Zambia | Zimbabwe | Angola | Namibia | Botswana | Democratic Republic of the Congo | Tanzania | Kenya | Malawi
30%
Pygmy Three-Toed Sloth Panama
30%
Ground Cuscus Papua New Guinea | Indonesia
30%
Greater Spot-Nosed Monkey Republic of the Congo | Democratic Republic of the Congo | Nigeria | Cameroon | Gabon | Equatorial Guinea | Central African Republic | Ivory Coast | Liberia | Guinea
30%
Sooty Mangabey Senegal | Guinea-Bissau | Guinea | Sierra Leone | Liberia | Ivory Coast
30%
Round-Eared Sengi South Africa | Botswana | Namibia
30%
Short-Snouted Elephant Shrew Zambia | Angola | Namibia | Botswana | Democratic Republic of the Congo | Tanzania | Uganda | Kenya | South Africa | Eswatini | Mozambique | Malawi
30%
Preuss's Monkey Cameroon | Nigeria
20%
Common Echymipera Indonesia | Papua New Guinea
20%
Roloway Monkey Ivory Coast | Ghana
20%
Tana River Mangabey Kenya
20%
Riverine Rabbit South Africa
20%
Smoky Shrew United States of America | Canada
20%
Whitaker's Shrew Algeria | Tunisia | Morocco
10%
Hugh's Hedgehog China
10%
Sun-Tailed Monkey Gabon
10%
Campbell's Mona Monkey Ghana | Liberia | Sierra Leone | Guinea | Guinea-Bissau | Senegal | Gambia
10%
Piebald Shrew Kazakhstan | Uzbekistan | Turkmenistan | Iran | Tajikistan
10%
Sanje Mangabey Tanzania
10%
Bicolored Shrew Turkey | Iran | Syria | Lebanon | Israel | Greece | Armenia | Azerbaijan | Georgia | France | Germany | Luxembourg | Belgium | Netherlands | Austria | Czech Republic | Belarus | Ukraine | Moldova | Romania | Bulgaria | Russia | Serbia | Croatia | Bosnia & Herzegovina | Italy | Vatican City | San Marino | Slovenia | Switzerland | Kosovo | Albania | Montenegro | Slovakia | Hungary | North Macedonia | Liechtenstein | Turkmenistan | Poland
10%
Red-Eared Guenon Cameroon | Nigeria
0%
Eastern Caenolestid Ecuador
0%
White-Naped Mangabey Ivory Coast | Ghana | Burkina Faso
0%
Sclater's Guenon Nigeria
0%
No matching quizzes found
Score Distribution
Percent of People with Each Score
Percentile by Number Answered
Your Score History
You have not taken this quiz